000 00295nam a2200121Ia 4500
008 241002s9999 xx 000 0 und d
082 _a808.3 JOY
100 _aJoyce, James
245 2 _aA portrait of the artist as a young man
260 _aLondon:
_c1966
600 _aLiterature
942 _cUC
999 _c18772
_d18772